000 00692nam a22001937a 4500
005 20251108164258.0
008 250721s1984 xx 000 0 ara d
082 1 4 _a796.068/سعد
100 1 _aقطب، سعد محمد
245 1 0 _aالتنظيم و الإدارة في مجال التربية الرياضية /
264 1 _aالموصل :
_bوزارة التعليم العالي و البحث العلمي - جامعة الموصل،
_c1984.
300 _a300ص
650 1 7 _aالألعاب الرياضية
650 1 7 _aالتربية الرياضية
700 1 _aعمر، سمير عباس
700 1 _aذنوب، راشد حمدون
942 _2ddc
_cBK
999 _c8192
_d8192